000 00427nam a22001697a 4500
003 OSt
005 20260414055509.0
008 260414b |||||||| |||| 00| 0 eng d
020 _a9780786868728
040 _aDWCL GS lib
_cOC
082 _aFic. A339h 2009
100 _aAlbom, Mitch
245 _aHave a little faith :
_bA true story /
300 _a254 pages:
_c22cm.
546 _aEnglish
942 _2ddc
_cFIC.
_hFic.
_n0
999 _c9399
_d9399